000 01666nam a22004097a 4500
003 CHAP
005 20220329143601.0
008 100722s2010 mx r 00010 spa d
010 _a98862
011 _a99834
035 _a110520
040 _cCHAP
090 _aTesis
100 1 _aMartínez Jacinto, Nicolas Gregorio.
_972178
245 1 0 _aTransmisión transovarica del nucleopoliedrovirus (SfMNPV - NIC) en Spodoptera frugiperda (J. E. Smith) (LEP.: Noctuidae) bajo condiciones de laboratorio
_c/por Nicolas Gregorio Martínez Jacinto
260 _aChapingo, Méx. :
_bEl autor,
_c2010
300 _ax, 78 h. :
_bilus., cuadros, gráfs.
502 _aTesis (Ing. Agr. Esp. en Parasitología Agrícola) -- UACH. Departamento de Parasitología Agrícola
530 _aTambién disponible en línea
590 _aALEPH
_b10
_c20130110
_lUCH01
_h1535
590 _aBATCH-UPD
_b10
_c20130110
_lUCH01
_h0920
590 _aBATCH-UPD
_b10
_c20130410
_lUCH01
_h0542
590 _aBATCH-UPD
_b10
_c20130914
_lUCH01
_h0930
590 _aBATCH-UPD
_b10
_c20140324
_lUCH01
_h1518
590 _aBATCH-UPD
_b10
_c20141002
_lUCH01
_h0844
590 _aCONVERSION
_b10
_c20130109
_lUCH01
_h1355
650 1 4 _aCiclo biológico.
_923050
650 1 4 _aGusano cogollero del maíz.
_951561
650 1 4 _aInsectos
_xCría de.
_958909
650 1 4 _aInsectos
_xLarvas.
_958932
650 1 4 _aMaíz
_xPlagas.
_971034
856 _3Finding aid
_uhttp://10.13.5.2/tesis/110520.pdf
_zTeclea aqui
901 _aBK
942 _cFOLL
949 _aTesis
_bBC
_cTES
_d33724002177488
_eTS2
_fc.2
_gDonaciØn
_h50827
_i110520
_sb
949 _aTesis
_bBC
_cTES
_d33724002177520
_eTS1
_gDonaciØn
_h50826
_i110520
_sb
999 _c98862
_d98862